000 00448pab a2200169 454500
008 180718b2011 xxu||||| |||| 00| 0 eng d
100 _aGhosh, Anirban
245 _aInfrastructure sector and tax related issues in India
260 _c2011
300 _ap.362-365.
362 _aMay
650 _aInfrastructure development - India
650 _aInfrastructure development
773 _aManagement Accountant
908 _aN
909 _a91691
999 _c91691
_d91691